000
00276nam a2200121Ia 4500
008
241002s9999 xx 000 0 und d
082
_a
170 MAC
100
_a
Mackenzie, John S.
245
0
_a
Manual of Ethics
260
_a
London:
_c
1954
600
_a
Philosophy
942
_c
UC
999
_c
18925
_d
18925